| 000 | 00528cam a22001697a 4500 | ||
|---|---|---|---|
| 008 | 180718b1950 xxu||||| |||| 00| 0 eng d | ||
| 082 | _aA99 G151/N131 | ||
| 100 | _aNag, Kalidas | ||
| 245 |
_aTolstoy and Gandhi _cby Kalidas Nag |
||
| 260 |
_aPatna _bPustak Bhandar _c1950 |
||
| 300 | _axix, 135p | ||
| 650 | _aNationalists -India -Biography. | ||
| 650 | _aStatesmen -India -Biography | ||
| 650 | _aAuthors, Russian -19th century -Biography | ||
| 650 | _aGandhi, Mahatma, 1869-1948 | ||
| 650 | _aTolstoy, Leo, graf, 1828-1910 | ||
| 999 |
_c414625 _d414625 |
||